000 01092cam a2200313 i 4500
001 64737
003 Mx-PuUPA
005 20221110142444.0
008 160222s2018 sp fr 000 0 spa d
017 _aM-2039-2018
020 _a9788497277570
040 _aMx-PuUPA
_cMx-PuUPA
_dMx-PuUPA
_bspa
_erda
041 0 _aspa
100 1 _913516
_aFuente Arias, Jesús de la,
_eautor
245 1 0 _aTópicos recientes de investigación en psicología de la educación /
_cJesús de la Fuente Arias, Fernando Justicia Justicia
264 1 _aMadrid :
_bEditorial EOS,
_c2018
300 _a392 páginas ;
_c24 cm
336 _atexto
_btxt
_2rdacontent
337 _2rdamedio
_asin medio
_bn
338 _2rdacarrier
_avolumen
_bnc
490 0 _aColección EOS Universitaria
650 7 _2armarc
_aEducación
_xInvestigación
650 7 _2armarc
_aPsicopedagogía
_xInvestigación
650 7 _2armarc
_aPsicología del aprendizaje
700 1 _aJusticia Justicia, Fernando,
_eautor
942 _cLI
_2ddc
_h370.15072
_iF953
999 _c64737
_d64737